MARC

LEADER 00000nam0a2200000 4500
001 32883
005 20231030205533.0
035 |a (RuTPU)RU\TPU\book\33194 
035 |a BOOK00000025 
090 |a 32883 
100 |a 20011210d1975 k y0rusy50 ca 
101 0 |a rus 
102 |a RU 
105 |a a z 001zy 
200 1 |a Симметрия в геологии  |f И. И. Шафрановский, Л. М. Плотников 
210 |a Ленинград  |c Недра  |d 1975 
215 |a 144 с.  |c ил. 
320 |a Библиогр.: с. 137-144. 
610 1 |a геология 
610 1 |a симметрия 
610 1 |a математические методы 
675 |a 55:51  |v 3 
700 1 |a Шафрановский  |b И. И.  |g Иларион Иларионович 
701 1 |a Плотников  |b Л. М.  |g Лев Михайлович 
801 0 |a RU  |b 63413507  |c 20011210  |g PSBO 
801 2 |a RU  |b 63413507  |c 20051129  |g PSBO 
942 |c BK